| 000 | 01151cam a22002771ia4500 | ||
|---|---|---|---|
| 003 | OSt | ||
| 005 | 20250314113157.0 | ||
| 008 | 250314s1996 su f 00010 ara c | ||
| 040 |
_aSA-MaUQU _bara _cSA-RiAUC _erda |
||
| 082 | 0 | 4 |
_a251.6 _qSA-RiAUC |
| 090 |
_a251.6 _b ب و ر |
||
| 100 | 1 |
_aالبورنو، محمد صدقي بن أحمد بن محمد، _d1931- _eمؤلف. |
|
| 245 | 1 | 0 |
_aموسوعة القواعد الفقهية / _cمحمد صدقي بن أحمد البورنو أبو الحارث الغزي. |
| 250 | _aالطبعة الأولى. | ||
| 264 | 1 |
_aالرياض : _bمحمد صدقي بن أحمد البورنو، _c1996 |
|
| 300 |
_a2 مجلد ؛ _c24 سم. |
||
| 336 |
_aنص _btxt _2rdacontent _3كتاب |
||
| 337 |
_aبدون وسيط _bn _2rdamedia |
||
| 338 |
_aمجلد _bnc _2rdacarrier |
||
| 490 | 0 |
_aموسوعة القواعد الفقهية ؛ _v1 |
|
| 650 | 7 |
_aالقواعد الفقهية _2aucsh |
|
| 650 | 7 |
_aأصول الفقه الإسلامي _2aucsh |
|
| 650 | 7 |
_aأصول الفقه الإسلامي _vدوائر معارف _2aucsh |
|
| 942 |
_2ddc _cBOOK _n0 |
||
| 949 |
_aSA-JeALM _d250314 _uosman123 _n1 |
||
| 999 |
_c6401 _d6401 |
||